000 00443nam a22001577a 4500
999 _c523440
_d523440
003 NUST
020 _a 9789697576432
038 _awaseem
082 _a330.95491
_bRIA
100 _aRizvi, Rida
_913780
245 _aAnalysing Public Opinion Of Pakistan On China-Pakistan Economic Corridor /
_cRida Rizvi
260 _aIslamabad :
_bInternational Islamic University,
_c2018.
300 _a190 p. ;
500 _aPaperback.
942 _2ddc
_cBK